Nghiên cứu sản xuất bê tông bền Sunfat từ phế phẩm ứng dụng phù hợp cho công trình thủy : Luận văn tốt nghiệp Cao học. Chuyên ngành Kỹ thuật xây dựng công trình thủy

Nghiên cứu này đề xuất sản xuất bê tông bền sunfat từ phế phẩm công nghiệp ứng dụng phù hợp cho kết cấu công trình thủy. Xi măng bền sunfat được chế tạo từ hỗn hợp 85% xỉ lò cao được kích hoạt phản ứng với 5% xi măng póoclăng PC40 va...

全面介紹

Đã lưu trong:
書目詳細資料
主要作者: Đoàn, Trí Viễn
格式: 圖書
語言:Undetermined
出版: Cần Thơ Trường Đại học Cần Thơ 2020
主題:
標簽: 添加標簽
沒有標簽, 成為第一個標記此記錄!
Thư viện lưu trữ: Trung tâm Học liệu Trường Đại học Cần Thơ
LEADER 04284nam a2200241Ia 4500
001 CTU_239539
008 210402s9999 xx 000 0 und d
082 |a 624.1834 
082 |b V305 
088 |a 8580202 
100 |a Đoàn, Trí Viễn 
245 0 |a Nghiên cứu sản xuất bê tông bền Sunfat từ phế phẩm ứng dụng phù hợp cho công trình thủy : 
245 0 |b Luận văn tốt nghiệp Cao học. Chuyên ngành Kỹ thuật xây dựng công trình thủy 
245 0 |c Đoàn Trí Viễn ; Nguyễn Hoàng Anh (Cán bộ hướng dẫn) 
260 |a Cần Thơ 
260 |b Trường Đại học Cần Thơ 
260 |c 2020 
520 |a Nghiên cứu này đề xuất sản xuất bê tông bền sunfat từ phế phẩm công nghiệp ứng dụng phù hợp cho kết cấu công trình thủy. Xi măng bền sunfat được chế tạo từ hỗn hợp 85% xỉ lò cao được kích hoạt phản ứng với 5% xi măng póoclăng PC40 và 15% phế phẩm bột thạch cao tổng hợp. Hỗn hợp bê tông được thiết kế theo phương pháp đầm chặt với thành phần cốt liệu bao gồm hỗn hợp giữa tro bay loại F, cát thiên nhiên, và đá mi thương phẩm. Tỷ lệ nước trên chất kết dính (w/b) khác nhau bao gồm 0.30, 0.35, 0.42, và 0.50 được sử dụng cho mục đích đánh giá ảnh hưởng của hàm lượng nước đến tính chất của bê tông. Hỗn hợp bê tông sử dụng 100% xi măng póoclăng PC40 với w/b = 0.6 cũng được chế tạo cho mục đích đối chứng. Các tính chất kỹ thuật của bê tông với hai loại chất kết dính khác nhau ở cả hai trạng thái tươi và đông rắn được tiến hành thí nghiệm đánh giá. Tính chất kỹ thuật của bê tông tươi bao gồm độ sụt và khối lượng thể tích. Ở trạng thái đông rắn, hỗn hợp bê tông được tiến hành đánh giá các tính chất gồm khối lượng thể tích khô, cường độ chịu nén, độ hút nước, độ chống thấm, và tính kháng ăn mòn sunfat. Trên cơ sở đối chiếu với các chỉ tiêu kỹ thuật của tiêu chuẩn hiện hành dành cho bê tông kết cấu công trình thủy, các hỗn hợp bê tông được tiến hành phân cấp và đề xuất phạm vi ứng dụng phù hợp. Kết quả thí nghiệm thể hiện cấp phối bê tông tươi có độ sụt tương đồng được khống chế ở mức 9 ± 1 cm được chế tạo thành công nhờ việc điều chỉnh hàm lượng phụ gia dẻo thương phẩm trong khoảng 1-4 kg/m³. Hỗn hợp bê tông tươi với w/b tăng có tính công tác tăng (do lượng phụ gia dẻo sử dụng giảm) và khối lượng thể tích giảm. Giá trị w/b tăng có ảnh hưởng lớn đến tính chất của bê tông đông rắn bao gồm: 1/ Giảm khối lượng thể tích khô; 2/ Giảm cường độ chịu nén ở tất cả các độ tuổi; 3/ Tăng độ hút nước; và 4/ Giảm tính chống thấm. Kết quả so sánh với bê tông sử dụng 100% xi măng póoclăng PC40 thể hiện với cùng giá trị w/b, bê tông bền sunfat có cường độ chịu nén và các chỉ tiêu về độ bền vững liên quan đến độ hút nước và tính chống thấm đều thấp hơn. 
650 |a Reinforced concrete,Bê tông cốt thép 
650 |x Analysis,Phân tích 
904 |i Hải 
910 |c tvtrong 
980 |a Trung tâm Học liệu Trường Đại học Cần Thơ